| 000 | 00571nam a2200241 a 4500 | ||
|---|---|---|---|
| 001 | nice12345678 | ||
| 003 | IN_TiNIC | ||
| 005 | 20260116011515.0 | ||
| 008 | 050524s1910 newa grp 000 0 per | ||
| 020 |
_a _c100 |
||
| 082 | 0 | 0 |
_a297.409 _bASA |
| 100 | _aAsadullah, Sk | ||
| 245 | _aShamsut Tawareekh | ||
| 260 |
_aNew York _bCross Road Publications _c1910 |
||
| 300 | _a127p | ||
| 500 | _aincludes index and biblioraphy | ||
| 505 | 2 | _aIndex | |
| 650 | _aSufism-Hagiography | ||
| 700 | 1 | _aAsadullah, Sk | |
| 902 | _bSRS | ||
| 942 | _cBK | ||
| 999 |
_c2151 _d2151 |
||